| 000 | 01080nam a22002897a 4500 | ||
|---|---|---|---|
| 003 | OSt | ||
| 005 | 20260401132032.0 | ||
| 008 | 260401b |||||||| |||| 00| 0 eng d | ||
| 020 | _a9789914551730 | ||
| 040 | _cKenya Literature Bureu | ||
| 050 |
_aPL 8702 .K4 .K57 2025 _b.K57 2025 |
||
| 100 |
_aMiricho, Mutahi, _eAuthor |
||
| 245 |
_aTop Scholar Kiswahili : _bkitabu cha mwanafunzi gredi ya 8 / _cMutahi Miricho, David Maina, Pauline Kea, Philip Lumwamu, Florence Mutekwa. |
||
| 250 | _aToleo la pili. | ||
| 260 |
_aNairobi : _bKenya Literature Bureau, _c2025. |
||
| 300 |
_avi, 170 pages, _billustrations ; _c24.6cm |
||
| 490 | _aTop Scholar series | ||
| 500 | _aImeandaliwa kulingana na mtaala wa CBC (Competency Based Curriculum). | ||
| 650 |
_aKiswahili _xStudy and teaching (Primary) _zKenya. |
||
| 650 |
_aCompetency-based education _zKenya. |
||
| 700 |
_aMaina, David, _eauthor. |
||
| 700 |
_aKea, Pauline, _eauthor. |
||
| 700 |
_aLumwamu, Philip _eauthor. |
||
| 700 |
_autekwa, Florence, _eauthor. |
||
| 830 | _aTop Scholar series | ||
| 942 |
_2lcc _cBK _e2nd ed. _n0 |
||
| 999 |
_c10038 _d10038 |
||